Statistics for Best and Worst Countries for Gender Equality

Click here to take the quiz!

General Stats

  • This quiz has been taken 561 times
  • The average score is 12 of 20

Answer Stats

Best Gender Equality% Correct
Sweden
92%
Norway
91%
Finland
90%
Denmark
86%
Saudi Arabia
84%
Iceland
83%
Iran
81%
Pakistan
70%
Yemen
70%
Switzerland
68%
Ireland
65%
Syria
64%
New Zealand
62%
Chad
45%
Mali
41%
Morocco
34%
Mauritania
33%
Philippines
15%
Cote d'Ivoire
9%
Nicaragua
4%

Score Distribution

Percentile by Number Answered

Percent of People with Each Score

Your Score History

You have not taken this quiz